000 00436nam a2200157Ia 4500
008 220216s9999 xx 000 0 und d
100 _aMorin J E
245 2 _aA Novel method to recycle scrap tires : High-pressure high-temperature sintering
260 _bRubber Chemistry and Technology
_c2002
300 _a955-968
650 _aRecycle
650 _aScrap tyres
700 _aFarris R J
700 _aWilliams D E
942 _cJS
999 _c53486
_d53486